<?xml version="1.0" encoding="UTF-8"?>
<record
    xmlns:xsi="http://www.w3.org/2001/XMLSchema-instance"
    xsi:schemaLocation="http://www.loc.gov/MARC21/slim http://www.loc.gov/standards/marcxml/schema/MARC21slim.xsd"
    xmlns="http://www.loc.gov/MARC21/slim">

  <leader>00330nam a22001457a 4500</leader>
  <controlfield tag="003">SGT</controlfield>
  <datafield tag="020" ind1=" " ind2=" ">
    <subfield code="a">9788131253809</subfield>
  </datafield>
  <datafield tag="082" ind1=" " ind2=" ">
    <subfield code="a">340.59</subfield>
    <subfield code="b">MAH</subfield>
  </datafield>
  <datafield tag="100" ind1=" " ind2=" ">
    <subfield code="a">MAHMOOD TAHIR , MAHMOOD SAIF</subfield>
  </datafield>
  <datafield tag="245" ind1=" " ind2=" ">
    <subfield code="a">INTRODUCTION TO MUSLIM LAW</subfield>
  </datafield>
  <datafield tag="250" ind1=" " ind2=" ">
    <subfield code="a">2</subfield>
  </datafield>
  <datafield tag="260" ind1=" " ind2=" ">
    <subfield code="a">LEXIS NEXIS</subfield>
    <subfield code="b">GURGAON</subfield>
    <subfield code="c">2019</subfield>
  </datafield>
  <datafield tag="300" ind1=" " ind2=" ">
    <subfield code="a">XI ,243</subfield>
  </datafield>
  <datafield tag="942" ind1=" " ind2=" ">
    <subfield code="2">ddc</subfield>
    <subfield code="c">BK</subfield>
    <subfield code="0">16</subfield>
  </datafield>
  <datafield tag="952" ind1=" " ind2=" ">
    <subfield code="0">0</subfield>
    <subfield code="1">0</subfield>
    <subfield code="2">ddc</subfield>
    <subfield code="4">0</subfield>
    <subfield code="7">1</subfield>
    <subfield code="8">LAW</subfield>
    <subfield code="a">SSSL</subfield>
    <subfield code="b">SSSL</subfield>
    <subfield code="c">REF</subfield>
    <subfield code="d">2020-02-13</subfield>
    <subfield code="e">COMMERCIAL BOOK HOUSE</subfield>
    <subfield code="g">475.00</subfield>
    <subfield code="i">SGTU</subfield>
    <subfield code="o">340.59 MAH</subfield>
    <subfield code="p">FL2366</subfield>
    <subfield code="r">2020-02-13 00:00:00</subfield>
    <subfield code="w">2020-02-13</subfield>
    <subfield code="y">BK</subfield>
    <subfield code="k">2559</subfield>
  </datafield>
  <datafield tag="952" ind1=" " ind2=" ">
    <subfield code="0">0</subfield>
    <subfield code="1">0</subfield>
    <subfield code="2">ddc</subfield>
    <subfield code="4">0</subfield>
    <subfield code="7">0</subfield>
    <subfield code="8">LAW</subfield>
    <subfield code="a">SSSL</subfield>
    <subfield code="b">SSSL</subfield>
    <subfield code="c">TXT</subfield>
    <subfield code="d">2020-02-13</subfield>
    <subfield code="e">COMMERCIAL BOOK HOUSE</subfield>
    <subfield code="g">475.00</subfield>
    <subfield code="i">SGTU</subfield>
    <subfield code="l">2</subfield>
    <subfield code="o">340.59 MAH</subfield>
    <subfield code="p">FL2367</subfield>
    <subfield code="r">2025-03-31 00:00:00</subfield>
    <subfield code="s">2025-03-25</subfield>
    <subfield code="w">2020-02-13</subfield>
    <subfield code="y">BK</subfield>
    <subfield code="k">2559</subfield>
  </datafield>
  <datafield tag="952" ind1=" " ind2=" ">
    <subfield code="0">0</subfield>
    <subfield code="1">0</subfield>
    <subfield code="2">ddc</subfield>
    <subfield code="4">0</subfield>
    <subfield code="7">0</subfield>
    <subfield code="8">LAW</subfield>
    <subfield code="a">SSSL</subfield>
    <subfield code="b">SSSL</subfield>
    <subfield code="c">TXT</subfield>
    <subfield code="d">2020-02-13</subfield>
    <subfield code="e">COMMERCIAL BOOK HOUSE</subfield>
    <subfield code="g">475.00</subfield>
    <subfield code="i">SGTU</subfield>
    <subfield code="l">8</subfield>
    <subfield code="o">340.59 MAH</subfield>
    <subfield code="p">FL2368</subfield>
    <subfield code="q">2025-09-20</subfield>
    <subfield code="r">2025-07-14 00:00:00</subfield>
    <subfield code="s">2025-07-14</subfield>
    <subfield code="w">2020-02-13</subfield>
    <subfield code="y">BK</subfield>
    <subfield code="k">2559</subfield>
  </datafield>
  <datafield tag="952" ind1=" " ind2=" ">
    <subfield code="0">0</subfield>
    <subfield code="1">0</subfield>
    <subfield code="2">ddc</subfield>
    <subfield code="4">0</subfield>
    <subfield code="7">0</subfield>
    <subfield code="8">LAW</subfield>
    <subfield code="a">SSSL</subfield>
    <subfield code="b">SSSL</subfield>
    <subfield code="c">TXT</subfield>
    <subfield code="d">2020-02-13</subfield>
    <subfield code="e">COMMERCIAL BOOK HOUSE</subfield>
    <subfield code="g">475.00</subfield>
    <subfield code="i">SGTU</subfield>
    <subfield code="l">7</subfield>
    <subfield code="o">340.59 MAH</subfield>
    <subfield code="p">FL2369</subfield>
    <subfield code="r">2025-10-01 00:00:00</subfield>
    <subfield code="s">2025-09-26</subfield>
    <subfield code="w">2020-02-13</subfield>
    <subfield code="y">BK</subfield>
    <subfield code="k">2559</subfield>
  </datafield>
  <datafield tag="952" ind1=" " ind2=" ">
    <subfield code="0">0</subfield>
    <subfield code="1">0</subfield>
    <subfield code="2">ddc</subfield>
    <subfield code="4">0</subfield>
    <subfield code="7">0</subfield>
    <subfield code="8">LAW</subfield>
    <subfield code="a">SSSL</subfield>
    <subfield code="b">SSSL</subfield>
    <subfield code="c">TXT</subfield>
    <subfield code="d">2020-02-13</subfield>
    <subfield code="e">COMMERCIAL BOOK HOUSE</subfield>
    <subfield code="g">475.00</subfield>
    <subfield code="i">SGTU</subfield>
    <subfield code="l">7</subfield>
    <subfield code="o">340.59 MAH</subfield>
    <subfield code="p">FL2370</subfield>
    <subfield code="r">2025-06-09 00:00:00</subfield>
    <subfield code="s">2025-05-28</subfield>
    <subfield code="w">2020-02-13</subfield>
    <subfield code="y">BK</subfield>
    <subfield code="k">2559</subfield>
  </datafield>
  <datafield tag="999" ind1=" " ind2=" ">
    <subfield code="c">19765</subfield>
    <subfield code="d">19765</subfield>
  </datafield>
</record>
